MAASAI MARA UNIVERSITY

LIBRARY CATALOGUE

Contact Us: +254 020 2685356/7 or 0774 057787

Box: 861-20500, NAROK, KENYA

Email: info@mmarau.ac.ke

_vogel`s Textbook of practical organic chemistry (5th ed) (Record no. 15244)

MARC details
000 -LEADER
fixed length control field 00581nam a2200205Ia 4500
003 - CONTROL NUMBER IDENTIFIER
control field OSt
005 - DATE AND TIME OF LATEST TRANSACTION
control field 20170518095527.0
008 - FIXED-LENGTH DATA ELEMENTS--GENERAL INFORMATION
fixed length control field 151021s9999 xx 000 0 und d
040 ## - CATALOGING SOURCE
Transcribing agency AACR2
050 ## - LIBRARY OF CONGRESS CALL NUMBER
Classification number QD 261 .V63 1989
245 ## - TITLE STATEMENT
Title _vogel`s Textbook of practical organic chemistry (5th ed)
250 ## - EDITION STATEMENT
Edition statement 5th ed.
260 ## - PUBLICATION, DISTRIBUTION, ETC. (IMPRINT)
Place of publication, distribution, etc. New Delhi Pearson Education limited 1989
300 ## - PHYSICAL DESCRIPTION
Extent xxviii, 1514p. : ill
500 ## - GENERAL NOTE
General note includes index
650 ## - SUBJECT ADDED ENTRY--TOPICAL TERM
Topical term or geographic name as entry element _Organic chemistry
700 ## - ADDED ENTRY--PERSONAL NAME
Personal name _A. J. Hannaford
942 ## - ADDED ENTRY ELEMENTS (KOHA)
Source of classification or shelving scheme Library of Congress Classification
Koha item type L
980 ## - EQUIVALENCE OR CROSS-REFERENCE-SERIES STATEMENT--PERSONAL NAME/TITLE [LOCAL, CANADA]
Personal name ^d20110117 09:28:59^okorir

No items available.

© 2016 Maasai Mara University.